=LDR 00000nam 2200000 4500 =001 INLIS000000000048199 =005 20160913140341.0 =006 =007 =008 =035 ##$$0010-091600000000016 =090 ##$$a379.per.p.1 =100 ##$$a Dr made pidarta =245 ##$$aperencanaan pendidikan partisipator =250 ##$$a 1990 =260 ##$$a rineka cipta jakarta =300 ##$$a 318 hlm